00266pam a2200109 a 4500020000500000041000500005100002800010245005900038250000900097260004000106300001000146 c h aRajesh Gopal,eAuthor., aFundamentals of Wildlife ManagementhTextual Documents a1st. a[s.l]:bNatraj Publisher, Deheradun a1295.